| 000 | 00000nam##2200000za#4500 |
| 001 | 9.641971 |
| 003 | CaOODSP |
| 005 | 20210624223454 |
| 007 | cr ||||||||||| |
| 008 | 150407|2004||||xxc|||||o f|0| 0 fre|d |
| 040 | |aCaOODSP|bfre |
| 043 | |an-cn--- |
| 086 | 1 |aEn4-195/2004F-PDF |
| 110 | 1 |aCanada. |bEnvironnement Canada. |
| 245 | 10|aSuivi de l'examen du Système de gestion de l'environnement d'Environnement Canada |h[ressource électronique] |
| 260 | |aGatineau - Québec : |bEnvironnement Canada |cNovembre 2004. |
| 300 | |a5p. |
| 590 | |a13-14-Supp|b2013-05-30 |
| 775 | 08|tFollow-up to the review of EC's Environmental Management System |w(CaOODSP)9.697976 |
| 856 | 40|ahttp://publications.gc.ca|qPDF|s36 Ko|uhttps://publications.gc.ca/collections/collection_2013/ec/En4-195-2004-fra.pdf |